Géométrie descriptive. T.2 /

Bewaard in:
Bibliografische gegevens
Hoofdauteur: Voilquin, M
Formaat: Boek
Taal:Vietnamese
Gepubliceerd in: CLASSIQUES 1977
Tags: Voeg label toe
Geen labels, Wees de eerste die dit record labelt!
Thư viện lưu trữ: Mạng thư viện Đại học Đà Nẵng
LEADER 00603nam a2200265 4500
001 000028439
003 VO-M77
005 20150403120000.0
008 150403s vm 000 vie
020 |c 0,0000 
040 |a notts 
100 |a Voilquin, M 
245 |a Géométrie descriptive. T.2 /  |c M. Voilquin. 
260 |b CLASSIQUES  |c 1977 
OWN |a LTT 
999 |a From the UDN01 
TYP |a Monograph 
TYP |a Printed language 
980 |a Mạng thư viện Đại học Đà Nẵng